Представление документа в формате MARC21

ПолеНазваниеЗначение
  Тип записи a
  Библиографический уровень m
001 Контрольный номер RU\infra-m\znanium\bibl\2226290
005 Дата корректировки 20260429142111.3
008 Кодируемые данные 250916s2025 RU g rus u
020 Индекс ISBN __
a ISBN 978-5-9729-2327-4
040 Источник каталогиз. __
a Служба первич. каталог. Общество с ограниченной ответственностью «ЗНАНИУМ»
041 Код языка издания __
a Код языка текста rus
044 Код страны публикации __
a Код страны публикации RU
080 Индекс УДК __
a Индекс УДК 626
084 Индекс другой классификации/Индекс ББК __
2 Источник индекса rubbk
a Индекс другой классификации/Индекс ББК 308
084 Индекс другой классификации/Индекс ББК __
2 Источник индекса okso
a Индекс другой классификации/Индекс ББК 35.03.06
084 Индекс другой классификации/Индекс ББК __
2 Источник индекса okso
a Индекс другой классификации/Индекс ББК 35.04.06
100 Автор __
a Автор Завражнов А. И.
q Полное имя Завражнов Анатолий Иванович
245 Заглавие __
a Заглавие Эксплуатация и восстановление транспортирующих устройств сыпучих материалов
b Продолж. заглавия Учебник
c Ответственность Военно-воздушная академия им. профессора Н.Е. Жуковского и Ю.А. Гагарина
250 Сведения об издании __
a Основные сведения об издании 1
260 Выходные данные __
a Место издания Вологда
b Издательство Инфра-Инженерия
c Дата издания 2025
300 Физическое описание __
a Объем 244 с.
520 Аннотация __
a Аннотация Дан обзор транспортирующих устройств рассмотрены виды и закономерности изнашивания. Показаны методики научных исследований применяемых при моделировании процессов восстановления деталей машин. Для бакалавров и магистров обучающихся по направлению «Агроинженерия» а также преподавателей аспирантов и работников сельскохозяйственных предприятий.
521 Примеч. о цел. назн. __
a Примеч. о целев. назн. ВО - Бакалавриат
650 Тематические рубрики __
a Основная рубрика Промышленность. Энергетика
x Основная подрубрика Отраслевое машиностроение
655 Указ. предметных рубрик (устаревшее) __
a Жанр/ форма (устаревшее) Учебник
700 Другие авторы __
a Другие авторы Жачкин С.Ю.
q Полное имя Жачкин Сергей Юрьевич
u Дополнение Воронежский государственный аграрный университет им. императора Петра I
700 Другие авторы __
a Другие авторы Трифонов Г.И.
q Полное имя Трифонов Григорий Игоревич
u Дополнение Военно-воздушная академия им. профессора Н.Е. Жуковского и Ю.А. Гагарина
856 Электронный адрес документа 4_
a Имя сервера/домена znanium.ru
m Помощь ebs_support@infra-m.ru
n Местонахождение сервера НИЦ ИНФРА-М
u URL https://znanium.ru/catalog/document?id=469825
856 Электронный адрес документа 48
a Имя сервера/домена znanium.ru
d Путь /cover/2226
f Электронное имя 2226290.jpg
q Тип электронного формата image/jpeg
u URL https://znanium.ru/cover/2226/2226290.jpg
911 __
u 0030=https://znanium.ru/catalog/document?id=469825
911 __
u 712a=Военно-воздушная академия им. профессора Н.Е. Жуковского и Ю.А. Гагарина